[Event "65+ World Senior Team Championship"]
[Site "chess24.com"]
[Date "2017.04.29"]
[Round "6"]
[White "Just, Joachim"]
[Black "Vucenovic, Dragomir"]
[Result "1/2-1/2"]
[Board "1"]
[WhiteElo "1940"]
[WhiteCountry "GER"]
[WhiteFideId "4648102"]
[WhiteEloChange "7"]
[BlackElo "2274"]
[BlackTitle "FM"]
[BlackCountry "SUI"]
[BlackFideId "1300393"]
[BlackEloChange "-7"]

1. d4 {[%clk 1:30:55]} d5 {[%clk 1:30:45]} 2. Nf3 {[%clk 1:31:03]} c6 {[%clk
1:30:56]} 3. c4 {[%clk 1:31:12]} Nf6 {[%clk 1:31:10]} 4. cxd5 {[%clk 1:31:27]}
cxd5 {[%clk 1:31:22]} 5. Nc3 {[%clk 1:31:42]} Nc6 {[%clk 1:31:21]} 6. Bf4 {[%clk
1:31:38]} e6 {[%clk 1:31:13]} 7. e3 {[%clk 1:31:00]} Bd6 {[%clk 1:31:27]} 8. Be2
{[%clk 1:30:42]} O-O {[%clk 1:30:42]} 9. O-O {[%clk 1:30:01]} a6 {[%clk 1:25:21]}
10. a3 {[%clk 1:27:09]} Qe7 {[%clk 1:15:46]} 11. Rc1 {[%clk 1:22:34]} h6 {[%clk
0:58:17]} 12. Na4 {[%clk 1:17:02]} Rb8 {[%clk 0:49:20]} 13. Nc5 {[%clk 1:13:30]}
e5 {[%clk 0:43:32]} 14. dxe5 {[%clk 1:09:59]} Nxe5 {[%clk 0:42:53]} 15. Bxe5
{[%clk 1:10:04]} Bxe5 {[%clk 0:43:00]} 16. Nxe5 {[%clk 1:10:25]} Qxe5 {[%clk
0:43:09]} 17. Qd4 {[%clk 1:10:17]} Qxd4 {[%clk 0:41:17]} 18. exd4 {[%clk
1:10:39]} a5 {[%clk 0:38:13]} 19. Bb5 {[%clk 1:08:33]} Bf5 {[%clk 0:33:48]} 20.
f3 {[%clk 1:03:43]} Rfd8 {[%clk 0:30:02]} 21. Rfe1 {[%clk 1:02:45]} Kf8 {[%clk
0:29:21]} 22. Kf2 {[%clk 0:59:55]} b6 {[%clk 0:25:42]} 23. Na4 {[%clk 0:59:04]}
Rdc8 {[%clk 0:19:04]} 24. Rc3 {[%clk 0:55:56]} Rxc3 {[%clk 0:15:37]} 25. Nxc3
{[%clk 0:56:14]} Be6 {[%clk 0:15:43]} 26. Ke3 {[%clk 0:52:35]} Ke7 {[%clk
0:14:11]} 27. Rc1 {[%clk 0:51:26]} Rc8 {[%clk 0:12:38]} 28. Kd2 {[%clk 0:49:49]}
Kd8 {[%clk 0:10:29]} 29. Re1 {[%clk 0:49:41]} Rc7 {[%clk 0:08:02]} 30. Bd3 {[%clk
0:49:18]} Re7 {[%clk 0:06:02]} 31. Rc1 {[%clk 0:48:13]} Rc7 {[%clk 0:04:57]} 32.
Re1 {[%clk 0:48:32]} Re7 {[%clk 0:04:13]} 33. Rc1 {[%clk 0:48:53]} Bd7 {[%clk
0:04:03]} 34. Rb1 {[%clk 0:47:54]} 1/2-1/2

[Event "65+ World Senior Team Championship"]
[Site "chess24.com"]
[Date "2017.04.29"]
[Round "6"]
[White "Bhend, Edwin"]
[Black "Hollstein, Joachim"]
[Result "1/2-1/2"]
[Board "2"]
[WhiteElo "2132"]
[WhiteTitle "IM"]
[WhiteCountry "SUI"]
[WhiteFideId "1300288"]
[WhiteEloChange "-1"]
[BlackElo "2082"]
[BlackCountry "GER"]
[BlackFideId "24601217"]
[BlackEloChange "1"]

1. d4 {[%clk 1:28:50]} Nf6 {[%clk 1:30:57]} 2. Nc3 {[%clk 1:29:12]} d5 {[%clk
1:31:10]} 3. Bg5 {[%clk 1:29:28]} Bf5 {[%clk 1:31:09]} 4. e3 {[%clk 1:29:42]}
Nbd7 {[%clk 1:30:02]} 5. Bd3 {[%clk 1:29:02]} Bg6 {[%clk 1:30:02]} 6. Nge2 {[%clk
1:21:07]} c6 {[%clk 1:29:07]} 7. f4 {[%clk 1:18:22]} Ne4 {[%clk 1:24:53]} 8. Bxe4
{[%clk 1:15:11]} dxe4 {[%clk 1:21:30]} 9. O-O {[%clk 1:06:42]} f5 {[%clk
1:18:05]} 10. Bh4 {[%clk 1:05:05]} Nf6 {[%clk 1:12:09]} 11. Na4 {[%clk 1:02:03]}
Bf7 {[%clk 1:06:31]} 12. b3 {[%clk 1:01:56]} Qc7 {[%clk 1:02:18]} 13. c4 {[%clk
1:00:55]} e6 {[%clk 1:02:21]} 14. Bxf6 {[%clk 0:58:31]} gxf6 {[%clk 1:02:49]} 15.
Qe1 {[%clk 0:51:41]} h5 {[%clk 0:58:15]} 16. b4 {[%clk 0:51:05]} Bh6 {[%clk
0:57:51]} 17. Rc1 {[%clk 0:43:26]} b6 {[%clk 0:55:44]} 18. Nac3 {[%clk 0:41:02]}
Bf8 {[%clk 0:56:00]} 19. b5 {[%clk 0:33:23]} Rd8 {[%clk 0:49:26]} 20. Kh1 {[%clk
0:24:24]} h4 {[%clk 0:48:56]} 21. Na4 {[%clk 0:23:50]} Ba3 {[%clk 0:47:31]} 22.
Rb1 {[%clk 0:22:25]} Be7 {[%clk 0:45:41]} 23. Qc3 {[%clk 0:20:50]} 1/2-1/2

[Event "65+ World Senior Team Championship"]
[Site "chess24.com"]
[Date "2017.04.29"]
[Round "6"]
[White "Baumbach, Friedrich, Dr."]
[Black "Hohler, Peter"]
[Result "1/2-1/2"]
[Board "3"]
[WhiteElo "2196"]
[WhiteTitle "FM"]
[WhiteCountry "GER"]
[WhiteFideId "4611721"]
[WhiteEloChange "-3"]
[BlackElo "2076"]
[BlackTitle "FM"]
[BlackCountry "SUI"]
[BlackFideId "1300296"]
[BlackEloChange "3"]

1. d4 {[%clk 1:30:56]} Nf6 {[%clk 1:30:48]} 2. c4 {[%clk 1:31:14]} e6 {[%clk
1:30:56]} 3. Nf3 {[%clk 1:31:28]} Bb4+ {[%clk 1:31:05]} 4. Bd2 {[%clk 1:31:43]}
Bxd2+ {[%clk 1:31:13]} 5. Qxd2 {[%clk 1:31:57]} d5 {[%clk 1:31:35]} 6. e3 {[%clk
1:31:35]} O-O {[%clk 1:31:49]} 7. Nc3 {[%clk 1:31:32]} Qe7 {[%clk 1:31:47]} 8.
Bd3 {[%clk 1:31:38]} dxc4 {[%clk 1:27:02]} 9. Bxc4 {[%clk 1:31:47]} Nbd7 {[%clk
1:26:26]} 10. O-O {[%clk 1:30:51]} c5 {[%clk 1:17:54]} 11. e4 {[%clk 1:19:48]}
cxd4 {[%clk 1:18:06]} 12. Qxd4 {[%clk 1:18:31]} e5 {[%clk 1:07:11]} 13. Nd5
{[%clk 1:04:52]} Nxd5 {[%clk 1:06:36]} 14. Qxd5 {[%clk 1:05:07]} Qf6 {[%clk
0:55:14]} 15. Bb5 {[%clk 1:01:21]} Nb6 {[%clk 0:47:26]} 16. Qxe5 {[%clk 0:59:21]}
Qxe5 {[%clk 0:47:01]} 17. Nxe5 {[%clk 0:59:49]} a6 {[%clk 0:46:08]} 18. Nc4
{[%clk 0:49:43]} Nxc4 {[%clk 0:31:27]} 19. Bxc4 {[%clk 0:50:02]} Re8 {[%clk
0:31:25]} 20. f3 {[%clk 0:43:59]} Be6 {[%clk 0:31:21]} 21. Rac1 {[%clk 0:43:22]}
Bxc4 {[%clk 0:27:51]} 22. Rxc4 {[%clk 0:43:50]} Rad8 {[%clk 0:27:47]} 23. Rfc1
{[%clk 0:43:13]} Rd2 {[%clk 0:20:55]} 24. R4c2 {[%clk 0:43:09]} Rxc2 {[%clk
0:21:08]} 25. Rxc2 {[%clk 0:43:38]} g6 {[%clk 0:18:16]} 26. Rc7 {[%clk 0:43:07]}
b5 {[%clk 0:18:36]} 27. Kf2 {[%clk 0:43:06]} Re6 {[%clk 0:18:37]} 28. Ke3 {[%clk
0:42:48]} Rd6 {[%clk 0:18:20]} 29. e5 {[%clk 0:40:54]} Rd1 {[%clk 0:18:05]} 30.
b3 {[%clk 0:37:27]} Ra1 {[%clk 0:17:07]} 31. Rc2 {[%clk 0:37:27]} Kf8 {[%clk
0:16:41]} 32. Kd4 {[%clk 0:36:56]} Ke7 {[%clk 0:14:57]} 33. Kc5 {[%clk 0:36:36]}
Re1 {[%clk 0:10:56]} 34. f4 {[%clk 0:30:18]} g5 {[%clk 0:11:12]} 35. g3 {[%clk
0:25:41]} gxf4 {[%clk 0:11:23]} 36. gxf4 {[%clk 0:26:09]} Rf1 {[%clk 0:11:12]}
37. Kb6 {[%clk 0:25:23]} Rxf4 {[%clk 0:10:48]} 38. Kxa6 {[%clk 0:25:36]} b4
{[%clk 0:10:50]} 39. Re2 {[%clk 0:14:29]} Ke6 {[%clk 0:10:42]} 40. Kb5 {[%clk
0:44:44]} Kd5 {[%clk 0:37:08]} 41. Ka4 {[%clk 0:43:42]} h5 {[%clk 0:28:50]} 42.
h3 {[%clk 0:39:47]} h4 {[%clk 0:27:06]} 43. Re3 {[%clk 0:36:11]} Kd4 {[%clk
0:26:05]} 44. Re1 {[%clk 0:35:42]} Kd5 {[%clk 0:25:35]} 45. a3 {[%clk 0:34:18]}
bxa3+ {[%clk 0:25:43]} 46. Kxa3 {[%clk 0:34:46]} Rf3 {[%clk 0:25:21]} 47. Ka4
{[%clk 0:34:28]} Rxh3 {[%clk 0:22:54]} 48. b4 {[%clk 0:34:40]} Rg3 {[%clk
0:22:16]} 49. Rf1 {[%clk 0:33:40]} Rg8 {[%clk 0:17:30]} 50. Rxf7 {[%clk 0:31:05]}
Ra8+ {[%clk 0:13:56]} 51. Kb3 {[%clk 0:31:13]} Rh8 {[%clk 0:14:10]} 52. Rf2
{[%clk 0:28:53]} h3 {[%clk 0:14:33]} 53. Rh2 {[%clk 0:29:05]} Kxe5 {[%clk
0:14:51]} 54. b5 {[%clk 0:27:00]} Kf4 {[%clk 0:15:17]} 55. Kc4 {[%clk 0:23:59]}
Kg3 {[%clk 0:15:27]} 56. Rh1 {[%clk 0:24:17]} Kg2 {[%clk 0:14:13]} 57. Ra1 {[%clk
0:23:08]} h2 {[%clk 0:14:34]} 58. b6 {[%clk 0:23:17]} h1Q {[%clk 0:14:57]} 59.
Rxh1 {[%clk 0:23:31]} Rxh1 {[%clk 0:13:34]} 60. Kc5 {[%clk 0:23:30]} Rb1 {[%clk
0:13:40]} 61. Kc6 {[%clk 0:23:42]} Kf3 {[%clk 0:13:57]} 62. b7 {[%clk 0:23:59]}
Ke4 {[%clk 0:14:11]} 63. Kc7 {[%clk 0:24:19]} Kd5 {[%clk 0:14:25]} 64. b8Q {[%clk
0:24:33]} Rxb8 {[%clk 0:14:53]} 65. Kxb8 {[%clk 0:24:33]} 1/2-1/2

[Event "65+ World Senior Team Championship"]
[Site "chess24.com"]
[Date "2017.04.30"]
[Round "7"]
[White "Vasiukov, Evgeni"]
[Black "Berkovich, Mark A"]
[Result "1-0"]
[Board "2"]
[WhiteElo "2396"]
[WhiteTitle "GM"]
[WhiteCountry "RUS"]
[WhiteFideId "4100522"]
[WhiteEloChange "9"]
[BlackElo "2345"]
[BlackTitle "IM"]
[BlackCountry "ISR"]
[BlackFideId "2801639"]
[BlackEloChange "-9"]

1. e4 {[%clk 1:30:59]} c5 {[%clk 1:30:51]} 2. Nf3 {[%clk 1:31:16]} Nc6 {[%clk
1:31:16]} 3. Bb5 {[%clk 1:31:04]} e6 {[%clk 1:31:41]} 4. O-O {[%clk 1:29:00]}
Nge7 {[%clk 1:31:57]} 5. Re1 {[%clk 1:28:45]} a6 {[%clk 1:32:13]} 6. Bf1 {[%clk
1:29:02]} d5 {[%clk 1:31:01]} 7. exd5 {[%clk 1:28:25]} Nxd5 {[%clk 1:30:56]} 8.
d4 {[%clk 1:26:32]} Nf6 {[%clk 1:25:40]} 9. c3 {[%clk 1:23:51]} cxd4 {[%clk
1:24:30]} 10. cxd4 {[%clk 1:24:07]} Be7 {[%clk 1:24:56]} 11. Nc3 {[%clk 1:24:26]}
O-O {[%clk 1:25:21]} 12. Be3 {[%clk 1:14:06]} b5 {[%clk 1:20:49]} 13. Rc1 {[%clk
1:10:58]} Bb7 {[%clk 1:21:08]} 14. a4 {[%clk 1:06:45]} b4 {[%clk 1:16:30]} 15.
Nb1 {[%clk 1:06:02]} Nd5 {[%clk 1:09:20]} 16. Nbd2 {[%clk 1:05:33]} Na5 {[%clk
1:09:19]} 17. Bd3 {[%clk 0:59:45]} Rc8 {[%clk 0:53:04]} 18. Qe2 {[%clk 0:59:03]}
Nxe3 {[%clk 0:51:15]} 19. fxe3 {[%clk 0:51:09]} Qd6 {[%clk 0:51:25]} 20. Ne5
{[%clk 0:45:35]} Nc6 {[%clk 0:47:48]} 21. Nef3 {[%clk 0:29:27]} Na5 {[%clk
0:45:12]} 22. Ne5 {[%clk 0:22:31]} Nc6 {[%clk 0:45:29]} 23. Nec4 {[%clk 0:22:38]}
Qd8 {[%clk 0:41:06]} 24. Nb3 {[%clk 0:22:55]} a5 {[%clk 0:32:34]} 25. Rc2 {[%clk
0:21:31]} Bf6 {[%clk 0:26:15]} 26. Ncxa5 {[%clk 0:15:51]} Nxa5 {[%clk 0:25:13]}
27. Rxc8 {[%clk 0:16:13]} Qxc8 {[%clk 0:24:55]} 28. Nxa5 {[%clk 0:16:10]} Ba8
{[%clk 0:25:20]} 29. Nc4 {[%clk 0:15:19]} Qc6 {[%clk 0:24:25]} 30. b3 {[%clk
0:15:38]} g6 {[%clk 0:24:51]} 31. Qf3 {[%clk 0:13:51]} Qxc4 {[%clk 0:23:51]} 32.
Bxc4 {[%clk 0:13:38]} Bxf3 {[%clk 0:24:16]} 33. gxf3 {[%clk 0:14:06]} Bd8 {[%clk
0:24:35]} 34. Rc1 {[%clk 0:10:04]} Ba5 {[%clk 0:24:26]} 35. Bd3 {[%clk 0:08:29]}
Ra8 {[%clk 0:24:30]} 36. Rc6 {[%clk 0:06:21]} Kf8 {[%clk 0:24:35]} 37. Kf2 {[%clk
0:06:26]} Ke7 {[%clk 0:23:37]} 38. Ke2 {[%clk 0:06:46]} Ra7 {[%clk 0:22:46]} 39.
f4 {[%clk 0:05:30]} h6 {[%clk 0:22:39]} 40. h3 {[%clk 0:32:54]} Bc7 {[%clk
0:49:54]} 41. Rc5 {[%clk 0:29:39]} Bd6 {[%clk 0:44:07]} 42. Rb5 {[%clk 0:26:21]}
Kd7 {[%clk 0:44:24]} 43. Be4 {[%clk 0:23:29]} f5 {[%clk 0:43:53]} 44. Bd3 {[%clk
0:21:59]} g5 {[%clk 0:44:12]} 45. fxg5 {[%clk 0:21:27]} hxg5 {[%clk 0:44:40]} 46.
Bc4 {[%clk 0:19:17]} Ra8 {[%clk 0:41:32]} 47. Rb7+ {[%clk 0:18:02]} Bc7 {[%clk
0:41:35]} 48. Bxe6+ {[%clk 0:17:08]} Kxe6 {[%clk 0:42:02]} 49. Rxc7 {[%clk
0:17:36]} Rh8 {[%clk 0:42:25]} 50. Rc6+ {[%clk 0:16:28]} Kf7 {[%clk 0:42:32]} 51.
Rb6 {[%clk 0:12:37]} Rxh3 {[%clk 0:40:05]} 52. Rxb4 {[%clk 0:13:05]} Rh2+ {[%clk
0:39:49]} 53. Kf1 {[%clk 0:11:13]} Ra2 {[%clk 0:37:33]} 54. Rb6 {[%clk 0:11:11]}
g4 {[%clk 0:37:37]} 55. d5 {[%clk 0:08:03]} g3 {[%clk 0:37:02]} 56. Rb4 {[%clk
0:05:47]} Rf2+ {[%clk 0:34:36]} 57. Kg1 {[%clk 0:06:08]} Re2 {[%clk 0:34:51]} 58.
a5 {[%clk 0:05:44]} Rxe3 {[%clk 0:34:40]} 59. Kg2 {[%clk 0:05:04]} Ke7 {[%clk
0:34:43]} 60. a6 {[%clk 0:04:53]} f4 {[%clk 0:35:05]} 61. Rxf4 {[%clk 0:03:32]}
Rxb3 {[%clk 0:35:07]} 62. Ra4 {[%clk 0:03:57]} Rb8 {[%clk 0:35:18]} 63. a7 {[%clk
0:03:01]} Ra8 {[%clk 0:35:35]} 64. Kxg3 {[%clk 0:01:17]} Kd6 {[%clk 0:35:56]} 65.
Ra5 {[%clk 0:01:46]} Kc7 {[%clk 0:27:10]} 66. Kf4 {[%clk 0:02:14]} Kb6 {[%clk
0:27:27]} 67. Ra3 {[%clk 0:02:40]} Kc5 {[%clk 0:27:50]} 68. Ke5 {[%clk 0:03:05]}
1-0

[Event "65+ World Senior Team Championship"]
[Site "chess24.com"]
[Date "2017.04.30"]
[Round "7"]
[White "Zhelnin, Vladimir V"]
[Black "Malisov, Boris"]
[Result "1/2-1/2"]
[Board "4"]
[WhiteElo "2455"]
[WhiteTitle "IM"]
[WhiteCountry "RUS"]
[WhiteFideId "4105567"]
[WhiteEloChange "-2"]
[BlackElo "2283"]
[BlackCountry "ISR"]
[BlackFideId "2802503"]
[BlackEloChange "5"]

1. e4 {[%clk 1:30:54]} c5 {[%clk 1:30:27]} 2. Nf3 {[%clk 1:31:10]} g6 {[%clk
1:30:47]} 3. d4 {[%clk 1:31:25]} Bg7 {[%clk 1:31:07]} 4. c4 {[%clk 1:30:40]} Qa5+
{[%clk 1:31:14]} 5. Nc3 {[%clk 1:30:45]} Nc6 {[%clk 1:31:21]} 6. d5 {[%clk
1:18:59]} Nd4 {[%clk 1:31:19]} 7. Bd2 {[%clk 1:19:03]} Nxf3+ {[%clk 1:31:19]} 8.
Qxf3 {[%clk 1:11:11]} d6 {[%clk 1:27:16]} 9. Bd3 {[%clk 1:10:21]} Nf6 {[%clk
1:27:29]} 10. Qe2 {[%clk 1:10:25]} O-O {[%clk 1:27:22]} 11. O-O {[%clk 1:09:49]}
e5 {[%clk 1:19:17]} 12. f4 {[%clk 0:56:08]} exf4 {[%clk 0:53:50]} 13. Bxf4 {[%clk
0:55:35]} Qd8 {[%clk 0:53:06]} 14. Nb5 {[%clk 0:47:38]} Ne8 {[%clk 0:52:49]} 15.
e5 {[%clk 0:46:22]} dxe5 {[%clk 0:49:48]} 16. Bxe5 {[%clk 0:46:27]} Bg4 {[%clk
0:47:03]} 17. Qe1 {[%clk 0:40:45]} a6 {[%clk 0:44:28]} 18. Nc3 {[%clk 0:40:50]}
b6 {[%clk 0:36:29]} 19. Bxg7 {[%clk 0:36:07]} Kxg7 {[%clk 0:33:22]} 20. Qg3
{[%clk 0:35:15]} Bc8 {[%clk 0:33:16]} 21. Rae1 {[%clk 0:35:16]} Nd6 {[%clk
0:28:53]} 22. Ne4 {[%clk 0:29:16]} Nxe4 {[%clk 0:20:36]} 23. Rxe4 {[%clk
0:29:13]} Ra7 {[%clk 0:19:06]} 24. Rfe1 {[%clk 0:26:17]} f5 {[%clk 0:18:18]} 25.
Re5 {[%clk 0:25:49]} Raf7 {[%clk 0:18:15]} 26. Bc2 {[%clk 0:23:20]} Bd7 {[%clk
0:12:17]} 27. Qf4 {[%clk 0:20:37]} Qf6 {[%clk 0:12:03]} 28. h3 {[%clk 0:16:37]}
Kh8 {[%clk 0:12:13]} 29. Bd1 {[%clk 0:15:13]} a5 {[%clk 0:12:27]} 30. Bc2 {[%clk
0:13:42]} Rg7 {[%clk 0:12:17]} 31. Qd2 {[%clk 0:13:50]} f4 {[%clk 0:11:56]} 32.
Qc3 {[%clk 0:11:18]} f3 {[%clk 0:08:55]} 33. Rf1 {[%clk 0:10:24]} f2+ {[%clk
0:09:03]} 34. Kh1 {[%clk 0:10:29]} Kg8 {[%clk 0:08:37]} 35. Qg3 {[%clk 0:05:39]}
Rgf7 {[%clk 0:07:18]} 36. Bd1 {[%clk 0:03:30]} Qf4 {[%clk 0:04:08]} 37. Qxf4
{[%clk 0:03:23]} Rxf4 {[%clk 0:04:36]} 38. Bf3 {[%clk 0:03:07]} Bxh3 {[%clk
0:04:10]} 39. Rxf2 {[%clk 0:03:15]} Bg4 {[%clk 0:03:44]} 40. d6 {[%clk 0:32:55]}
Bxf3 {[%clk 0:33:39]} 41. Rxf3 {[%clk 0:29:41]} Rxf3 {[%clk 0:33:22]} 42. gxf3
{[%clk 0:30:10]} Rd8 {[%clk 0:33:34]} 43. Re6 {[%clk 0:28:54]} Kf7 {[%clk
0:33:49]} 44. Re7+ {[%clk 0:29:07]} Kf6 {[%clk 0:34:08]} 45. Rxh7 {[%clk
0:29:16]} Rxd6 {[%clk 0:34:30]} 46. b3 {[%clk 0:24:35]} Ke5 {[%clk 0:30:57]} 47.
Kg2 {[%clk 0:21:02]} Kd4 {[%clk 0:30:49]} 48. Kg3 {[%clk 0:20:08]} a4 {[%clk
0:29:56]} 49. bxa4 {[%clk 0:12:57]} Kxc4 {[%clk 0:27:19]} 50. Kf4 {[%clk
0:12:48]} Rf6+ {[%clk 0:27:29]} 51. Ke3 {[%clk 0:09:34]} Kb4 {[%clk 0:27:15]} 52.
f4 {[%clk 0:08:24]} c4 {[%clk 0:26:29]} 53. Rc7 {[%clk 0:06:18]} Rd6 {[%clk
0:24:47]} 54. Ke4 {[%clk 0:06:32]} c3 {[%clk 0:24:34]} 55. Ke5 {[%clk 0:02:38]}
Rd2 {[%clk 0:22:46]} 56. Rc6 {[%clk 0:03:04]} Rxa2 {[%clk 0:22:35]} 57. Rxb6+
{[%clk 0:02:14]} Kc4 {[%clk 0:22:36]} 58. Rxg6 {[%clk 0:02:23]} Rxa4 {[%clk
0:17:37]} 1/2-1/2

[Event "65+ World Senior Team Championship"]
[Site "chess24.com"]
[Date "2017.04.30"]
[Round "7"]
[White "Vaisser, Anatoly"]
[Black "Petschar, Kurt"]
[Result "1/2-1/2"]
[Board "1"]
[WhiteElo "2506"]
[WhiteTitle "GM"]
[WhiteCountry "FRA"]
[WhiteFideId "603252"]
[WhiteEloChange "-3"]
[BlackElo "2282"]
[BlackTitle "FM"]
[BlackCountry "AUT"]
[BlackFideId "1600478"]
[BlackEloChange "6"]

1. d4 {[%clk 1:30:30]} Nf6 {[%clk 1:30:30]} 2. c4 {[%clk 1:30:30]} e6 {[%clk
1:30:30]} 3. Nc3 {[%clk 1:30:30]} Bb4 {[%clk 1:30:30]} 4. e3 {[%clk 1:30:30]} O-O
{[%clk 1:30:30]} 5. Bd3 {[%clk 1:30:30]} d5 {[%clk 1:30:30]} 6. Nf3 {[%clk
1:30:30]} c5 {[%clk 1:30:30]} 7. cxd5 {[%clk 1:30:30]} exd5 {[%clk 1:30:30]} 8.
dxc5 {[%clk 1:30:30]} Bg4 {[%clk 1:30:30]} 9. h3 {[%clk 1:30:30]} Bxf3 {[%clk
1:30:30]} 10. Qxf3 {[%clk 1:30:30]} Nbd7 {[%clk 1:30:30]} 11. O-O {[%clk
1:30:30]} Nxc5 {[%clk 1:30:30]} 12. Be2 {[%clk 1:30:30]} Nce4 {[%clk 1:30:30]}
13. Nb5 {[%clk 1:30:30]} a6 {[%clk 1:30:30]} 14. Nd4 {[%clk 1:30:30]} Bc5 {[%clk
1:30:30]} 15. Nb3 {[%clk 1:30:30]} Bd6 {[%clk 1:30:30]} 16. Nd4 {[%clk 1:30:30]}
Re8 {[%clk 1:30:30]} 17. g4 {[%clk 1:30:30]} Be5 {[%clk 1:30:30]} 18. Rd1 {[%clk
1:30:30]} Rc8 {[%clk 1:30:30]} 19. Qg2 {[%clk 1:30:30]} 1/2-1/2

[Event "65+ World Senior Team Championship"]
[Site "chess24.com"]
[Date "2017.04.30"]
[Round "7"]
[White "Singer, Hans"]
[Black "Seret, Jean-Luc"]
[Result "1/2-1/2"]
[Board "2"]
[WhiteElo "2213"]
[WhiteTitle "FM"]
[WhiteCountry "AUT"]
[WhiteFideId "1600800"]
[WhiteEloChange "4"]
[BlackElo "2381"]
[BlackTitle "IM"]
[BlackCountry "FRA"]
[BlackFideId "600210"]
[BlackEloChange "-4"]

1. d4 {[%clk 1:30:56]} d6 {[%clk 1:30:39]} 2. e4 {[%clk 1:31:17]} Nf6 {[%clk
1:29:29]} 3. Nc3 {[%clk 1:31:40]} e5 {[%clk 1:29:37]} 4. Nf3 {[%clk 1:30:50]}
Nbd7 {[%clk 1:29:42]} 5. Be2 {[%clk 1:30:12]} Be7 {[%clk 1:27:41]} 6. O-O {[%clk
1:30:18]} c6 {[%clk 1:25:47]} 7. a4 {[%clk 1:29:49]} b6 {[%clk 1:23:51]} 8. Re1
{[%clk 1:26:49]} O-O {[%clk 1:17:58]} 9. Bf1 {[%clk 1:19:09]} a6 {[%clk 1:13:45]}
10. b3 {[%clk 1:14:04]} Bb7 {[%clk 1:12:46]} 11. Bb2 {[%clk 1:06:38]} Re8 {[%clk
1:11:31]} 12. Qd2 {[%clk 1:00:49]} Qc7 {[%clk 1:10:56]} 13. Rad1 {[%clk 0:56:03]}
Rad8 {[%clk 1:05:22]} 14. Ba3 {[%clk 0:53:21]} Nf8 {[%clk 1:03:41]} 15. d5 {[%clk
0:48:53]} cxd5 {[%clk 1:02:41]} 16. Nxd5 {[%clk 0:48:52]} Nxd5 {[%clk 1:02:19]}
17. exd5 {[%clk 0:49:21]} Ng6 {[%clk 0:59:26]} 18. c4 {[%clk 0:45:41]} a5 {[%clk
0:58:30]} 19. Ng5 {[%clk 0:43:54]} Bxg5 {[%clk 0:56:30]} 20. Qxg5 {[%clk
0:44:13]} Nf8 {[%clk 0:56:15]} 21. Bd3 {[%clk 0:41:24]} Bc8 {[%clk 0:55:01]} 22.
f3 {[%clk 0:37:45]} Nd7 {[%clk 0:54:15]} 23. Bc2 {[%clk 0:37:35]} Nc5 {[%clk
0:54:23]} 24. Bc1 {[%clk 0:36:27]} Qe7 {[%clk 0:53:10]} 25. Qg3 {[%clk 0:35:06]}
Kh8 {[%clk 0:51:33]} 26. f4 {[%clk 0:34:21]} e4 {[%clk 0:51:20]} 27. Be3 {[%clk
0:34:26]} f5 {[%clk 0:49:43]} 28. Bd4 {[%clk 0:34:24]} Bd7 {[%clk 0:48:41]} 29.
Re3 {[%clk 0:31:56]} Rf8 {[%clk 0:47:01]} 30. Rde1 {[%clk 0:30:24]} Be8 {[%clk
0:41:12]} 31. Qf2 {[%clk 0:27:21]} Bg6 {[%clk 0:39:29]} 32. Rg3 {[%clk 0:25:52]}
Qf7 {[%clk 0:37:06]} 33. Ree3 {[%clk 0:22:29]} h6 {[%clk 0:36:32]} 34. Qd2 {[%clk
0:19:50]} Kh7 {[%clk 0:33:33]} 35. Qc3 {[%clk 0:19:51]} Rd7 {[%clk 0:33:30]} 36.
h3 {[%clk 0:18:00]} Rg8 {[%clk 0:33:25]} 37. Re1 {[%clk 0:15:24]} Bh5 {[%clk
0:33:29]} 38. Kh2 {[%clk 0:12:37]} g5 {[%clk 0:30:09]} 39. Qe3 {[%clk 0:12:01]}
g4 {[%clk 0:29:17]} 40. hxg4 {[%clk 0:41:35]} Bxg4 {[%clk 0:57:26]} 41. Bd1
{[%clk 0:39:20]} Bxd1 {[%clk 0:46:49]} 42. Rxg8 {[%clk 0:32:59]} Kxg8 {[%clk
0:45:26]} 43. Bxc5 {[%clk 0:31:42]} Qh5+ {[%clk 0:40:22]} 44. Qh3 {[%clk
0:31:53]} Qxh3+ {[%clk 0:40:43]} 45. gxh3 {[%clk 0:31:44]} bxc5 {[%clk 0:41:07]}
46. Rxd1 {[%clk 0:31:32]} Rg7 {[%clk 0:37:21]} 47. Re1 {[%clk 0:30:19]} Kf7
{[%clk 0:31:13]} 48. Re3 {[%clk 0:29:23]} Kf6 {[%clk 0:31:24]} 49. Rc3 {[%clk
0:29:09]} Re7 {[%clk 0:25:18]} 50. Kg3 {[%clk 0:22:40]} h5 {[%clk 0:14:57]} 51.
Re3 {[%clk 0:20:28]} Rg7+ {[%clk 0:13:16]} 52. Kf2 {[%clk 0:20:45]} h4 {[%clk
0:13:37]} 53. Kf1 {[%clk 0:19:22]} Rg6 {[%clk 0:13:53]} 54. Kf2 {[%clk 0:19:36]}
Kg7 {[%clk 0:12:51]} 55. Rc3 {[%clk 0:19:56]} Kh6 {[%clk 0:13:11]} 56. Re3 {[%clk
0:19:22]} Kg7 {[%clk 0:13:27]} 57. Re1 {[%clk 0:19:23]} Kf6 {[%clk 0:13:50]} 58.
Re3 {[%clk 0:19:36]} Rg7 {[%clk 0:12:00]} 59. Re1 {[%clk 0:19:24]} Rg3 {[%clk
0:11:41]} 60. Re3 {[%clk 0:19:43]} Rxe3 {[%clk 0:12:04]} 61. Kxe3 {[%clk
0:20:01]} 1/2-1/2